000 00517nam a2200181Ia 4500
005 20250508154953.0
008 008 250505s9999 xx 000 0 hin d
037 _aTextual
040 _aFEDL
_beng
_cFEDL
041 _ahin
_2eng
084 _a304.6, CHA
_qFEDL
100 _aS. Chandershekhar
_9766484
245 0 _aBharat ki janshankhya tathya, samsya aur niti
260 _aMeerut, India
_bMeenakshi Prakashan
_c1968
300 _a75p.
942 _cTEXL
_h304.6, CHA
999 _c1353200
_d1353200